Syair Raja Muda Perlis : teks dan genealogi

Bibliographic Details
Main Author: Noriah Taslim
Format: Book
Published: Pulau-Pinang : Noriah Taslim , 2006
Subjects:

MARC

LEADER 00000cam a2200000 7i4500
001 0000015571
005 20080331.0
008 080331
020 |a 9833391400 
090 0 0 |a 899.2309   |b NOR 
100 0 |a Noriah Taslim 
245 1 0 |a Syair Raja Muda Perlis :   |b teks dan genealogi   |c Noriah Taslim 
260 |a Pulau-Pinang :   |b Noriah Taslim ,   |c 2006 
650 0 |a Malay literature   |x History and criticism 
650 0 |a Malay poetry   |x History and criticism 
650 0 |a Syair   |x History and criticism 
999 |a 0001018274   |b Book   |c Adult Collection   |e Perbadanan Perpustakaan Awam Johor 
999 |a 0001018275   |b Book   |c Adult Collection   |e Perbadanan Perpustakaan Awam Johor 
999 |a 0001018276   |b Book   |c Adult Collection   |e Perbadanan Perpustakaan Awam Johor